LEADER 01822nam0 2200385 i 450 001 RAV1430413 005 20251003044331.0 010 $a8804542098 010 $a9788804542094 100 $a20130827d2006 ||||0itac50 ba 101 | $aita 102 $ait 181 1$6z01$ai $bxxxe 182 1$6z01$an 200 1 $aMacromedia Dreamweaver 8 con ASP, PHP e ColdFusion$ecorso ufficiale$fJeffrey Bardzell 210 $a[Milano]$cMondadori informatica$d2006 215 $aXIX, 486 p.$cill.$d24 cm$e1 CD-ROM 225 | $aGrafica 300 $aIn cop.: Contiene versioni di valutazione. 410 0$1001CFI0493964$12001 $aGrafica 500 10$aMacromedia Dreamweaver 8 with ASP, ColdFusion and PHP.$3RAV1430425$9LO1V255874$91525580 676 $a005.7$9DATI NEI SISTEMI DI ELABORATORI$v12 676 $a005.7$9DATI NEI SISTEMI DI ELABORAZIONE$v14 676 $a005.72$9PREPARAZIONE E RAPPRESENTAZIONE DEI DATI, FORMATI DELLE REGISTRAZIONI$v21 676 $a005.72$9PREPARAZIONE E RAPPRESENTAZIONE DEI DATI, FORMATI DELLE REGISTRAZIONI$v22 676 $a006.6869$9GRAFICA CON L'ELABORATORE. PROGRAMMI specifici per microelaboratori$v21 700 1$aBardzell$b, Jeffrey$3LO1V255874$4070$0607541 801 3$aIT$bIT-000000$c20130827 850 $aIT-BN0095 901 $bNAP 01$cSALA DING $n$ 912 $aRAV1430413 950 0$aBiblioteca Centralizzata di Ateneo$c1 v. in due copie$d 01SALA DING 005.7 BAR.ma$e 0102 0000070365 VMA A4 1 v. + 1 CD-ROM$fY $h20081104$i20081104$c1 v. in due copie$d 01SALA DING 005.7 BAR.ma$e 0102 0000070375 VMA A4(bis 1 v. + 1 CD-ROM (2. copia)$fY $h20081104$i20081104 977 $a 01 996 $aMacromedia Dreamweaver 8 with ASP, ColdFusion and PHP$91525580 997 $aUNISANNIO